Obce a mestá združené v Ekoveri vrazili peniaze do stavby skládky, dodnes sa nedočkali ani koruny zisku!

Bibliographic Details
Main Author: Karasová, Erika, 1973- (Author)
Corporate Author: Ekover (Spišské Vlachy, Slovensko) (Author)
Format: Article
Language:Slovak
ISSN:1335-759X
Subjects:

MARC

LEADER 00000nab a2200000 a 4500
001 vtls001020689
003 SK-MaSNL
005 20260303035250.0
008 040720e20030702xo 0 slo
035 |a SN6590 
040 |a SNSK  |b slo  |c SNSK  |e AACR2 
041 0 |a slo 
044 |a xo  |c SK 
080 |a 628.4.032  |2 1981 
100 1 |a Karasová, Erika,  |d 1973-  |4 aut  |9 89869 
245 1 0 |a Obce a mestá združené v Ekoveri vrazili peniaze do stavby skládky, dodnes sa nedočkali ani koruny zisku! 
610 2 7 |a Ekover (Spišské Vlachy, Slovensko)  |2 SNSK  |9 119404 
650 0 7 |a skládky komunálneho odpadu  |2 SNSK  |9 1020000 
650 0 7 |a problémy ekonomické  |2 SNSK  |9 880421 
651 7 |a Spišské Vlachy (Slovensko)  |2 SNSK  |9 30828 
651 7 |a SN,  |2 SNSK  |9 1021277 
655 7 |a periodikum  |2 snkbucl  |9 29553 
710 2 |a Ekover (Spišské Vlachy, Slovensko)  |4 aut  |9 119404 
773 0 8 |t Spišský denník  |g Roč. 5, č.151, 2.7.2003, s. 1  |x 1335-759X 
852 |a ZVYKNI  |b KIS3GCP 
999 |c 1676760  |d 1678690